General view of the agriculture and minerals of Derbyshire (Record no. 113834)

MARC details
000 -LEADER
fixed length control field 00790cam a22002055a 4500
001 - CONTROL NUMBER
control field L155802
008 - FIXED-LENGTH DATA ELEMENTS--GENERAL INFORMATION
fixed length control field 120417s1815 xxk f 000 0 eng d
035 ## - SYSTEM CONTROL NUMBER
System control number (Sirsi) u155802
041 0# - LANGUAGE CODE
Language code of text/sound track or separate title eng
100 1# - MAIN ENTRY--PERSONAL NAME
Personal name Farey, John
Numeration 1766-1826
245 00 - TITLE STATEMENT
Title General view of the agriculture and minerals of Derbyshire
Remainder of title with observations on the means of their improvement / drawn up for the consideration of the Board of Agriculture and Internal Improvement by John Farey, Sen.
260 ## - PUBLICATION, DISTRIBUTION, ETC.
Place of publication, distribution, etc. London
Name of publisher, distributor, etc. Printed by B. McMillan
Date of publication, distribution, etc. 1811-17
300 ## - PHYSICAL DESCRIPTION
Extent 3 v.
Other physical details ill., folded maps
Dimensions 23 cm.
520 ## - SUMMARY, ETC.
Summary, etc. Library holds volumes 1 and 3.
583 ## - ACTION NOTE
Action Condition reviewed
Time/date of action 20120620
Status condition level 1
651 #4 - SUBJECT ADDED ENTRY--GEOGRAPHIC NAME
Geographic name Great Britain
Chronological subdivision 1707-
690 ## - LOCAL SUBJECT ADDED ENTRY--TOPICAL TERM (OCLC, RLIN)
Topical term or geographic name as entry element Rural
9 (RLIN) 6268
710 1# - ADDED ENTRY--CORPORATE NAME
Corporate name or jurisdiction name as entry element Board of Agriculture
942 ## - ADDED ENTRY ELEMENTS (KOHA)
Suppress in OPAC 0
Holdings
Withdrawn status Lost status Source of classification or shelving scheme Damaged status Not for loan Home library Current library Shelving location Date acquired Total Checkouts Full call number Barcode Date last seen Copy number Price effective from Koha item type
    Dewey Decimal Classification     Historic collection Historic collection Historic collection 17/04/2012   OCTAVO 1815 FAREY VOL. 1 30077830 06/08/2019 1 06/08/2019 Book
    Dewey Decimal Classification     Historic collection Historic collection Historic collection 30/01/2013   OCTAVO 1815 FAREY VOL. 3 30078096 06/08/2019 1 06/08/2019 Book